000 00584nam a2200181Ia 4500
008 090123s9999 xx 000 0 und d
082 _b16959
100 _aकालेलकर मधुसूदन
245 _aपेइंग गेस्ट
250 _a1
260 _bमॅजेस्टिक प्रकाशन
_c1982
300 _a75
600 _aकालेलकर मधुसूदन
630 _aपेइंग गेस्ट
700 _aकालेलकर मधुसूदन
730 _aपेइंग गेस्ट
942 _cBOOK
999 _c55019
_d55019